| 000 | 00745nam a2200241Ia 4500 | ||
|---|---|---|---|
| 005 | 20250117103605.0 | ||
| 008 | 008 250103s9999 xx 000 0 eng d | ||
| 020 | _a9781138584938 | ||
| 037 | _aTextual | ||
| 040 |
_aCSL _beng _cCSL |
||
| 041 |
_aeng _2eng |
||
| 084 |
_aH422 R2 _qCSL |
||
| 245 | 0 |
_aFlood handbook: Principles and applications _cEslamian, Saeid (Ed.); Eslamian, Faezeh (Ed.) |
|
| 260 |
_aBoca Raton _bCRC Press/T&F _c2022 |
||
| 300 | _axv, 608p. ill. | ||
| 650 |
_a Flood measurement _9734071 |
||
| 650 |
_a Past floods _9734072 |
||
| 650 | _aGeology | ||
| 700 |
_a Eslamian, Faezeh (Ed.) _9734073 |
||
| 700 |
_aEslamian, Saeid (Ed.) _9734074 |
||
| 942 |
_cTEXL _hH422 R2 |
||
| 999 |
_c1237819 _d1237819 |
||